[Event "World Chess Candidates 2018"]
[Site "Berlin"]
[Date "2018.03.16"]
[Round "6"]
[White "Ding, Liren"]
[Black "Karjakin, Sergey"]
[Result "1/2-1/2"]
[WhiteElo "2769"]
[BlackElo "2763"]
[PlyCount "35"]
[EventDate "2018.??.??"]
[EventType "tourn"]
[EventCountry "GER"]
[SourceTitle "playchess.com"]
[Source "ChessBase"]
[SourceQuality "1"]

1. Nf3 d5 2. g3 g6 3. d4 Bg7 4. Bg2 Nf6 5. c4 dxc4 6. O-O O-O 7. Na3 c5 8. dxc5
c3 9. Nb5 Na6 10. Nxc3 Nxc5 11. Nd4 (11. Be3 Nfe4 12. Nxe4 Nxe4 13. Bd4 (13.
Qa4 Nd6 14. Rad1 Bd7 15. Qb4 a5 16. Qf4 Bc6 17. Bd4 Bxf3 18. Bxf3 Bxd4 19. Qxd4
Rc8 20. Bd5 Qc7 21. e4 Rfd8 22. e5 e6 23. exd6 Rxd6 24. Qe4 Rxd5 25. Rxd5 exd5
26. Qxd5 {1/2-1/2 (26) Pirc,V-Pilnik,H Mar del Plata 1950}) 13... Bxd4 14. Qxd4
Qxd4 15. Nxd4 Nd6 16. Rac1 (16. Rfc1 Rd8 17. Rc7 Kf8 18. Rac1 Ne8 19. R7c4 Nd6
20. Rc5 Bd7 21. f4 Rac8 22. Kf2 Rxc5 23. Rxc5 Rc8 24. b4 f5 25. Bd5 Kg7 26. Nf3
e6 27. Rxc8 Bxc8 28. Bb3 Kf6 29. Ke3 Bd7 30. a4 Nf7 31. Kd4 h6 32. a5 b6 33.
axb6 axb6 34. e4 fxe4 35. Nd2 e5+ 36. fxe5+ Nxe5 37. Nxe4+ Kf5 38. Nd6+ Kf6 39.
Bd5 g5 40. Ne4+ Kf5 41. Nd6+ Kf6 42. Ne4+ {1/2-1/2 (42) Ding Liren (2774)-Giri,
A (2762) Palma de Mallorca ESP 2017}) 16... Rd8 17. f4 Kf8 18. Kf2 Bg4 19. h3
Bd7 20. e4 Rac8 21. Rxc8 Rxc8 22. Rd1 Ke8 23. e5 Nf5 24. Nb3 Bc6 25. Rc1 Kd7
26. Nc5+ Ke8 27. Nd3 Kd7 28. g4 Nd4 29. Rc4 Ne6 30. f5 gxf5 31. gxf5 Ng7 32.
Bxc6+ bxc6 33. Nc5+ Kc7 34. Rh4 h5 35. f6 exf6 36. exf6 Ne8 37. Rxh5 Nxf6 38.
Rf5 Nd5 39. Rxf7+ Kd6 40. Ne4+ Ke5 41. Nd2 a5 42. Nc4+ Ke6 43. Rh7 Rb8 44. Ke2
Kf5 45. Rh6 Nf6 46. h4 a4 47. Kd3 c5 48. Ne3+ Ke5 49. h5 Rd8+ 50. Kc4 Ne4 51.
Kb5 Kd4 52. Nc4 a3 53. Nxa3 Nd6+ 54. Kc6 Nf7 55. Nb5+ {1-0 (55) Kramnik,V 
(2787)-Wei Yi (2743) Wijk aan Zee NED 2018}) 11... Qb6 12. Be3 Qxb2 13. Ncb5
Ne6 14. Rb1 Qxa2 15. Ra1 Qb2 16. Rb1 Qa2 17. Ra1 Qb2 18. Rb1 1/2-1/2

[Event "World Chess Candidates 2018"]
[Site "Berlin"]
[Date "2018.03.16"]
[Round "6"]
[White "Caruana, Fabiano"]
[Black "Grischuk, Alexander"]
[Result "1/2-1/2"]
[WhiteElo "2784"]
[BlackElo "2767"]
[PlyCount "71"]
[EventDate "2018.??.??"]
[EventType "tourn"]
[EventCountry "GER"]
[SourceTitle "playchess.com"]
[Source "ChessBase"]
[SourceQuality "1"]

1. d4 Nf6 2. c4 g6 3. Nf3 Bg7 4. e3 O-O 5. Be2 c5 6. d5 e6 7. Nc3 exd5 8. cxd5
d6 9. Nd2 Na6 10. O-O Nc7 11. e4 Re8 12. a4 Rb8 (12... b6 13. Re1 Rb8 14. Bb5
Re7 15. Bc6 (15. Bf1 a6 16. Nc4 b5 17. axb5 axb5 18. Na5 Bd7 19. Bg5 b4 20. Na4
h6 21. Bxf6 Bxf6 22. Nc4 Bxa4 23. Rxa4 Bd4 24. Na5 Bxb2 25. Nc6 Qe8 26. Ra7 Rc8
27. Nxe7+ Qxe7 28. Qc2 Bc3 29. Re3 Bd4 30. Rf3 Ra8 31. Rxa8+ Nxa8 32. g3 Nb6
33. Kg2 h5 34. h4 Nd7 35. Rb3 Nf6 36. f3 Qa7 37. Bc4 Nd7 38. Rb1 Ne5 39. Be2
Qa3 40. Qb3 Qa5 41. f4 Nd7 42. e5 dxe5 43. f5 Nf6 44. fxg6 fxg6 45. d6+ Kg7 46.
Qe6 Qa8+ 47. Bf3 e4 48. Be2 Qa7 49. Rf1 e3 50. Bc4 Qa8+ 51. Kh3 Qd8 52. Qe7+
Qxe7 53. dxe7 e2 54. Bxe2 Kf7 55. Bd3 b3 56. Bc4+ Kxe7 57. Bxb3 Nd7 58. Kg2 Ne5
59. Rb1 c4 60. Bc2 c3 61. Rb4 Bc5 62. Ra4 Kf6 63. Kf1 Be3 64. Ke2 Bd2 65. Ra6+
Kf7 66. Bb3+ Kg7 67. Re6 Ng4 68. Bc2 Nf6 69. Kd3 Ng4 70. Ke2 Nf6 71. Kf3 Kf7
72. Rc6 Kg7 73. Rc7+ Kh6 74. Re7 Ng4 75. Re6 Kg7 76. Rxg6+ Kf7 77. Ra6 Ne3 78.
Bb3+ Kf8 79. Rf6+ Kg7 80. Rc6 Nf5 81. Rc4 Be1 82. Bc2 Nxg3 83. Rf4 Kh6 84. Rf6+
Kg7 85. Re6 {1-0 (85) Aronian,L (2784)-Khairullin,I (2652) Berlin GER 2015})
15... a6 16. e5 Rxe5 17. Rxe5 dxe5 18. Nc4 b5 19. axb5 axb5 20. Nxe5 b4 21. Na4
Nfxd5 22. Bf4 Bb7 23. Nxf7 Kxf7 24. Bxc7 Nxc7 25. Qf3+ Qf6 26. Bxb7 Qxf3 27.
Bxf3 Bd4 28. Rc1 Ne6 29. Bd5 Rd8 30. Bb3 Kf6 31. Kf1 Ra8 32. Bxe6 Rxa4 33. Bb3
Ra5 34. Rb1 g5 35. h3 h6 36. Bc4 Ra7 37. Bb3 h5 38. Bc4 Ra8 39. g3 Kg6 40. Kg2
Rf8 41. f3 Ra8 42. Kf1 h4 43. Kg2 hxg3 44. Kxg3 Be5+ 45. Kf2 Rh8 46. Kg2 Rd8
47. b3 Rd2+ 48. Kh1 Bg3 49. Ra1 Kf5 50. Ra8 Kf4 51. Rf8+ Ke3 52. Rf5 Kf2 53.
Rd5 Rd4 {0-1 (53) Hamitevici,V (2462)-Fressinet,L (2711) Grosseto Prugna 2014})
13. f3 a6 14. a5 Bd7 15. Nc4 Bb5 16. Bg5 Bxc4 (16... h6 17. Bh4 Bxc4 (17... g5
18. Bf2 Bxc4 19. Bxc4 Nd7 20. Qd2 b5 21. axb6 Rxb6 22. Ra2 Qb8 23. h4 Ne5 24.
Be2 Bf6 25. hxg5 hxg5 26. Be3 Qd8 27. Rfa1 Rb4 28. Ra4 Rxa4 29. Rxa4 Qe7 30.
Kf2 Rb8 31. Ra1 Kg7 32. g3 Rh8 33. Rg1 Nb5 34. Nxb5 axb5 35. Rg2 Nc4 36. Bxc4
bxc4 37. Qc2 Rb8 38. Qxc4 Rxb2+ 39. Kg1 Rb1+ 40. Bc1 Bd4+ 41. Kh2 Qf6 {0-1 (41)
Lindgren,P (2317)-Akesson,J (2283) Gothenburg 2014}) 18. Bxc4 b5 19. axb6 Rxb6
20. Qd2 Nxe4 21. Bxd8 Nxd2 22. Bxc7 Rb7 23. Bxa6 Rxc7 24. Rfd1 Nb3 25. Re1 Ra8
26. Ra3 Bxc3 27. bxc3 c4 {0-1 (27) Granda Zuniga,J (2646)-Lopez Martinez,J 
(2508) Ayamonte 2006}) 17. Bxc4 b5 18. axb6 Rxb6 19. Na4 (19. Qc2 h6 20. Bh4 g5
21. Bf2 Nd7 22. Ra2 Qf6 23. Be2 Reb8 24. Be3 Ne5 25. g3 Rb4 26. Nd1 Qg6 27. Bd2
Rb3 28. Ne3 Rxb2 29. Rxb2 Rxb2 30. Qc1 Ra2 31. Nf5 Bf8 32. g4 Nb5 33. Rf2 Qf6
34. Kg2 Ng6 35. Bc4 Ra1 36. Qc2 Qe5 37. Qd3 Bg7 38. Bxb5 axb5 39. Qxb5 Rd1 40.
Qb8+ Kh7 41. Qxd6 Rxd2 42. Rxd2 Qc3 43. Rf2 Qe1 44. Nxg7 Nf4+ 45. Qxf4 gxf4 46.
Nh5 c4 47. Nxf4 c3 48. Ne2 c2 49. h4 Qd2 50. Kg3 Kg8 51. Kg2 Kf8 52. Kg3 Ke8
53. Kg2 Kd7 54. f4 Qe3 55. e5 Qe4+ 56. Kg3 Qxd5 57. h5 Qd3+ 58. Kg2 Qe3 59. Kf1
Qh3+ 60. Rg2 Qf3+ 61. Kg1 Qxe2 62. Rxe2 c1=Q+ {0-1 (62) Hamitevici,V (2430)
-Jumabayev,R (2599) London ENG 2015}) 19... Rb4 20. b3 Qc8 21. Bf4 Qd7 22. Ra2
Nh5 23. Be3 Rbb8 24. Qd2 Nb5 25. g4 Nf6 26. Nb2 Qc8 27. Bf4 Nd7 28. Bxb5 axb5
29. Bxd6 Rb6 30. Bg3 c4 31. bxc4 bxc4 32. Qe2 Rb4 33. Bd6 Rb6 34. Bg3 Rb4 35.
Bd6 Rb6 36. Bg3 1/2-1/2

[Event "World Chess Candidates 2018"]
[Site "Berlin"]
[Date "2018.03.16"]
[Round "6"]
[White "Mamedyarov, Shakhriyar"]
[Black "Kramnik, Vladimir"]
[Result "1-0"]
[WhiteElo "2809"]
[BlackElo "2800"]
[PlyCount "127"]
[EventDate "2018.??.??"]
[EventType "tourn"]
[EventCountry "GER"]
[SourceTitle "playchess.com"]
[Source "ChessBase"]
[SourceQuality "1"]

1. d4 d5 2. c4 e6 3. Nc3 Nf6 4. cxd5 Nxd5 5. e4 Nxc3 6. bxc3 c5 7. Rb1 Be7 8.
Bb5+ Bd7 9. Bd3 (9. Bxd7+ Nxd7 (9... Qxd7 10. d5 exd5 11. exd5 O-O 12. Nf3 Bf6
13. O-O b5 14. Bf4 Bxc3 15. Qd3 b4 16. Ng5 g6 17. Ne4 Qf5 18. Qf3 Nd7 19. Nxc3
bxc3 20. Rbc1 Ne5 21. Bxe5 Qxe5 22. Rxc3 Rac8 23. Rc4 Rfe8 24. h4 Qd6 25. Rd1
Re5 26. Qg3 Rce8 27. Kh2 R8e7 28. Rc3 f6 29. Re3 Kg7 30. Kg1 Rd7 31. Rxe5 Qxe5
32. Qd3 Qd6 33. g3 Rc7 34. Qc4 Rd7 35. a4 Rb7 36. a5 Rb4 37. Qc3 a6 38. Kg2 Rb5
39. Rd2 c4 40. Qxc4 Rxa5 41. g4 Rb5 42. g5 Rb4 43. Qc6 Qxc6 44. dxc6 fxg5 45.
hxg5 Kf7 46. c7 Rc4 47. Rd7+ Ke6 48. Rxh7 Ke5 {1/2-1/2 (48) Aronian,L (2785)
-Vallejo Pons,F (2709) Sharjah UAE 2017}) 10. Rxb7 cxd4 11. cxd4 Nb6 12. Qd2
Qc8 13. Rxe7+ Kxe7 14. Nf3 f6 15. O-O Kf7 16. e5 f5 17. g4 Rd8 18. Qg5 Kg8 19.
Qh5 Rf8 20. Ba3 Qc6 21. Ng5 h6 22. Rc1 Qd7 23. Bxf8 Rxf8 24. Nh3 Qxd4 25. gxf5
Qxe5 26. Qg6 Rf6 27. Qg4 Rxf5 28. Qg3 Qd4 29. Re1 Rf6 30. Qg2 Nd5 31. Kh1 Qd3
32. Rg1 Qf3 33. Rb1 Qf5 34. Rg1 Rf7 35. Re1 Rf6 36. Rg1 Qf3 37. Rb1 Qh5 38. Rg1
Rf7 39. Re1 Qf5 40. Qg3 Rc7 41. Ng1 Nf4 42. Rd1 Kh7 43. Qf3 Rc2 44. a3 e5 45.
Re1 Qg6 46. h3 Nd3 47. Rf1 Rc3 48. Qg4 Qxg4 49. hxg4 Rxa3 50. Nf3 Ra4 51. g5 h5
52. Kg2 Rg4+ 53. Kh2 a5 54. Ra1 a4 55. Ra2 e4 56. Nd4 Rxg5 57. Rxa4 Nxf2 58.
Ra7 Ng4+ 59. Kh3 Re5 60. Nc6 Rd5 {0-1 (60) Nepomniachtchi,I (2751)-Hou Yifan 
(2652) Moscow RUS 2017}) 9... cxd4 10. cxd4 Nc6 11. Be2 (11. Nf3 Nb4 12. O-O
Bc6 13. Bc4 b5 14. Ne5 bxc4 15. Rxb4 Bxe4 16. Qa4+ Kf8 17. Rxc4 Bd5 18. Nc6 Qd7
19. Ba3 Bxc4 20. Bxe7+ Ke8 21. Qxc4 Rc8 22. Rc1 Rxc6 23. Qxc6 Qxc6 24. Rxc6
Kxe7 25. Rc7+ Kf6 26. Rxa7 Rb8 27. Kf1 Rb4 28. Ke2 Rxd4 29. a4 h5 30. a5 Ra4
31. a6 {1/2-1/2 (31) Naroditsky,D (2626)-Shimanov,A (2646) Saint Louis USA 2017
}) 11... Rc8 12. Nf3 Qa5+ 13. Bd2 Bb4 14. Rb2 Bxd2+ 15. Qxd2 Qxd2+ 16. Kxd2 Na5
17. Rbb1 Ke7 18. Rhc1 f6 19. h4 Rhd8 20. Bd3 a6 21. Ke3 b5 22. g4 Be8 23. Ng1
Nc6 24. Ne2 Rd6 25. Rd1 Rcd8 26. Bc2 Na5 27. Bd3 Nc6 28. Bc2 h5 29. g5 fxg5 30.
e5 R6d7 31. hxg5 h4 $6 32. g6 Na5 33. Rbc1 Rc7 34. Bd3 Rdc8 $6 35. Rxc7+ Rxc7
36. Rh1 Nc4+ 37. Kf4 Nb2 38. Be4 b4 39. Rxh4 Nd1 40. f3 $6 (40. Rh7 $1 Kd8 41.
Kf3 Nc3 42. Nf4 $18) 40... Nc3 41. Nxc3 bxc3 42. Rh2 Rc8 43. Ke3 Bb5 44. f4 Bc4
45. Rh7 Rg8 46. a3 a5 47. Bc2 Kd7 48. d5 Bxd5 49. Kd4 Ba2 50. Kxc3 Kc6 51. Rh2
Kc5 52. Rd2 Rh8 53. Rd7 Rh3+ 54. Kb2 Bd5 55. Rxg7 Kd4 56. Rh7 Rg3 57. Rh5 Rg2
58. Rg5 Rf2 59. g7 Be4 60. g8=Q Rxc2+ 61. Kb3 Rc3+ 62. Ka4 Rc5 63. Rg2 Bf3 64.
Qd8+ 1-0

[Event "World Chess Candidates 2018"]
[Site "Berlin"]
[Date "2018.03.16"]
[Round "6"]
[White "So, Wesley"]
[Black "Aronian, Levon"]
[Result "1-0"]
[WhiteElo "2799"]
[BlackElo "2794"]
[PlyCount "155"]
[EventDate "2018.??.??"]
[EventType "tourn"]
[EventCountry "GER"]
[SourceTitle "playchess.com"]
[Source "ChessBase"]
[SourceQuality "1"]

1. e4 e5 2. Nf3 Nc6 3. Bb5 a6 4. Ba4 Nf6 5. O-O Be7 6. Re1 b5 7. Bb3 O-O 8. a4
b4 9. a5 d6 10. d3 Be6 11. Bxe6 fxe6 12. Nbd2 Rb8 13. Nb3 Qc8 14. h3 (14. Qe2
Nd8 15. d4 exd4 16. Nbxd4 c5 17. Nb3 e5 18. Nbd2 Ne6 19. Nc4 Nd4 20. Nxd4 cxd4
21. Nb6 Qc6 22. Bg5 Bd8 23. Bxf6 Bxb6 24. axb6 Rxf6 25. Rxa6 h6 26. Qd3 Rxb6
27. Rea1 Rxa6 28. Rxa6 Qc5 29. Ra8+ Kh7 30. h3 b3 31. Qxb3 d3 32. cxd3 Qxf2+
33. Kh2 Qf4+ 34. Kh1 Qc1+ 35. Kh2 Qf4+ 36. Kh1 Qg3 37. Qg8+ Kg6 38. Rf8 Qxd3
39. Rxf6+ Kxf6 40. Qf8+ Ke6 41. Qe8+ Kf6 42. Qf8+ Ke6 43. Qe8+ {1/2-1/2 (43)
Caruana,F (2807)-Carlsen,M (2822) Saint Louis USA 2017}) 14... Nd8 15. Be3 c5
16. Nbd2 Nc6 17. c3 Rb5 18. d4 exd4 19. cxd4 Nxa5 20. dxc5 dxc5 21. Ra2 Qb7 22.
b3 Kh8 23. Qc2 Nd7 24. Rea1 Bd8 25. Nc4 Nxc4 26. Qxc4 Bf6 27. Rd1 Qc6 28. Rad2
Nb6 29. Qc2 Qc7 30. e5 Be7 31. Nd4 Rc8 32. Nxe6 Qxe5 33. Nf4 Rf8 34. Re2 Qc3
35. Qb1 Qf6 36. Bc1 c4 37. bxc4 Nxc4 38. Re6 Qg5 39. Ng6+ Qxg6 40. Rxg6 hxg6
41. Qe4 Bf6 42. Qxc4 b3 43. Ba3 Rfb8 44. Rb1 b2 45. h4 Ra5 46. Qd3 Rd8 47. Qb3
Rc8 48. Qb7 Rd8 49. Qb3 Rc8 50. Qb4 Rb5 51. Qg4 Rc3 52. Bxb2 Rxb2 53. Rxb2 Rc1+
54. Kh2 Bxb2 55. Qxg6 Ra1 56. g4 a5 57. Qh5+ Kg8 58. Qb5 Ba3 59. Qe5 Rd1 60.
Qe6+ Kh7 61. Qe4+ Kh8 62. Qa8+ Kh7 63. Qxa5 Bd6+ 64. Kg2 Rd4 65. Qf5+ Kh8 66.
Qh5+ Kg8 67. g5 Kf8 68. Qg6 Be7 69. Qf5+ Ke8 70. Kh3 Rd6 71. Qh7 Kf7 72. f4 Rd4
73. Qf5+ Ke8 74. Qe5 Rb4 75. Kg4 Kf8 76. Qf5+ Ke8 77. Qe6 Rd4 78. Qe5 1-0

[Event "World Chess Candidates 2018"]
[Site "Berlin"]
[Date "2018.03.18"]
[Round "7"]
[White "Aronian, Levon"]
[Black "Caruana, Fabiano"]
[Result "0-1"]
[WhiteElo "2794"]
[BlackElo "2784"]
[PlyCount "74"]
[EventDate "2018.??.??"]
[EventType "tourn"]
[EventCountry "GER"]
[SourceTitle "playchess.com"]
[Source "ChessBase"]
[SourceQuality "1"]

1. d4 Nf6 2. c4 e6 3. Nf3 d5 4. Nc3 dxc4 5. e4 Bb4 6. Bg5 h6 7. Bxf6 Qxf6 8.
Bxc4 c5 9. O-O cxd4 10. e5 Qd8 11. Ne4 O-O 12. Qe2 Be7 13. Rad1 Qc7 14. Bd3 (
14. Ng3 Rd8 15. Nh5 g6 16. Nf4 Nc6 17. Qe4 Bf8 18. h4 Bg7 19. Rfe1 Bd7 20. Bd3
Be8 21. Bb1 d3 22. Nxd3 Ne7 23. h5 g5 24. Rc1 Bc6 25. Nb4 Bxe4 26. Rxc7 Bxf3
27. gxf3 Nc6 28. Nxc6 bxc6 29. Rxc6 Rac8 30. Rxc8 Rxc8 31. Kg2 {1/2-1/2 (31)
Moiseenko,A (2671)-Meier,G (2644) Jerusalem ISR 2017}) 14... Nd7 15. Rc1 Qa5
16. g4 $5 Nxe5 17. Nxe5 Qxe5 18. f4 Qa5 19. g5 Qd8 $5 20. h4 (20. gxh6 g6 $13)
20... Bd7 21. gxh6 g6 22. h5 Kh8 23. Kh2 Bc6 24. Rf3 Bd6 25. Qf2 Bc7 26. Kh3
Qe7 27. Ng5 e5 28. Rxc6 bxc6 29. Nxf7+ Rxf7 $1 30. hxg6 Rf6 31. g7+ Kg8 32.
Bc4+ $4 (32. Qh4 $5 Qd6 33. h7+ Kxg7 34. h8=Q+ Rxh8 35. Rg3+ Rg6 36. Rxg6+ Qxg6
37. Qxh8+ Kxh8 38. Bxg6 exf4) 32... Kh7 33. Qh4 e4 34. Rg3 Bxf4 35. g8=Q+ Rxg8
36. Bxg8+ Kh8 37. Rg7 Qf8 0-1

[Event "World Chess Candidates 2018"]
[Site "Berlin"]
[Date "2018.03.18"]
[Round "7"]
[White "Kramnik, Vladimir"]
[Black "Ding, Liren"]
[Result "1/2-1/2"]
[WhiteElo "2800"]
[BlackElo "2769"]
[PlyCount "147"]
[EventDate "2018.??.??"]
[EventType "tourn"]
[EventCountry "GER"]
[SourceTitle "playchess.com"]
[Source "ChessBase"]
[SourceQuality "1"]

1. c4 Nf6 2. Nc3 e5 3. Nf3 Nc6 4. d3 g6 5. g3 Bg7 6. Bg2 O-O 7. O-O d6 8. b3
Nd4 9. Nd2 c6 10. e3 Ne6 11. Bb2 (11. Ba3 Re8 (11... a5 12. Rc1 Nc5 13. Nf3 (
13. Nde4 Nfxe4 14. Nxe4 Nxe4 15. dxe4 c5 16. Rc3 Qc7 17. Rd3 a4 18. Bb2 axb3
19. axb3 Ra6 20. f4 Ra2 21. Bc3 b5 22. cxb5 c4 23. Rxd6 cxb3 24. Rc6 Qa7 25. b6
Qa4 26. Rc5 Ba6 27. Re1 Rxg2+ 28. Kxg2 Bb7 29. Kh3 Qxe4 30. Qe2 Bc8+ 31. Rxc8
Rxc8 32. Qg2 Qc4 33. b7 Rb8 34. Ra1 Qxc3 35. Ra8 Qc7 36. Qc6 {1/2-1/2 (36)
Libiszewski,F (2543)-Romanishin,O (2487) Fonni di Sopra ITA 2014}) 13... Re8
14. h3 Nxd3 15. Qxd3 e4 16. Qe2 exf3 17. Qxf3 a4 18. Nxa4 Ne4 19. Qd1 b5 20.
cxb5 cxb5 21. Qd5 Ra7 22. Bxe4 bxa4 23. Qxd6 axb3 24. axb3 Bxh3 25. Qxd8 Rxd8
26. Bc5 Rc7 27. Bg2 Bxg2 28. Kxg2 Rdc8 29. Ba3 f5 30. Rxc7 Rxc7 31. Rb1 Kf7 32.
Bb2 Bxb2 33. Rxb2 Rb7 34. b4 Rb5 35. f4 g5 36. Kf3 g4+ 37. Ke2 Ke6 38. Kd3 Kd5
39. Rb1 h5 40. Rb2 Rb6 41. Rb1 Rb5 42. Rb2 Rb6 43. e4+ fxe4+ 44. Ke3 h4 45.
gxh4 g3 46. h5 Ke6 47. h6 Kf5 48. b5 Rxh6 49. b6 g2 50. Rb5+ Kg4 51. Kf2 Kh3
52. Kg1 Rd6 53. Rb1 e3 54. b7 e2 55. Rb3+ Kg4 56. Re3 Rb6 57. Kxg2 Rxb7 58.
Rxe2 Kxf4 {1/2-1/2 (58) Kramnik,V (2801)-Vachier Lagrave,M (2722) Paris/St
Petersburg 2013}) 12. Nde4 Nxe4 13. dxe4 Qa5 14. Bb2 Qc7 15. Qd2 Nc5 16. h4 a5
17. Ba3 Bf8 18. Kh2 Nd7 19. Rac1 Nf6 20. Rfd1 Rd8 21. Qe2 Bd7 22. Na4 Be8 23.
Rd3 Qb8 24. Nc3 b5 25. cxb5 cxb5 26. b4 Rc8 27. bxa5 Rxa5 28. Bb4 Ra6 29. Rb1
Rc4 30. a3 h5 {1/2-1/2 (30) Malakhov,V (2694)-Ding Liren (2710) Beijing CHN
2014}) 11... Nc5 12. Qc2 a5 13. Rae1 Re8 14. h3 Bf5 15. e4 Bd7 16. Ne2 b5 17.
d4 exd4 18. Nxd4 Rc8 19. N4f3 $6 d5 $1 20. exd5 $6 Rxe1 21. Rxe1 cxd5 $6 (21...
Bf5 $1 22. Qd1 Nd3 23. Bxf6 Bxf6 24. Rf1 cxd5 25. cxd5 Nb2 26. Qe1 Bd3 $17) 22.
cxb5 Bf5 23. Qd1 Nd3 24. Bd4 Rc1 25. Qxc1 Nxc1 26. Rxc1 Ne4 27. Nf1 Bxd4 28.
Nxd4 Qb6 29. Bxe4 dxe4 30. Nxf5 gxf5 31. a4 Qe6 32. Ne3 Qxb3 33. Rc4 h5 34. h4
Kh7 35. Kg2 f6 36. Rd4 Kg6 37. Rc4 Kf7 38. Kh2 Kg6 39. Kg1 Qb1+ 40. Kg2 Qb3 41.
Rd4 Kf7 42. Rd5 Qxa4 43. Rxf5 Kg6 44. b6 Qb3 45. Rxa5 Qxb6 46. Rd5 Qb2 47. Rf5
Qa2 48. Rc5 Qe2 49. Rc4 Qa2 50. Rb4 Qa5 51. Rb8 Qa2 52. Rd8 Qa5 53. Rd5 Qa2 54.
Rf5 Qe6 55. Rd5 Qa6 56. g4 hxg4 57. h5+ Kf7 58. Rd7+ Ke6 59. Rg7 Qe2 60. h6
Qf3+ 61. Kg1 g3 62. Rxg3 Qh5 63. Rg7 f5 (63... Qxh6 64. Re7+ Kxe7 65. Nf5+ Ke6
66. Nxh6 f5 $11) 64. h7 f4 65. Ng4 $6 Qh3 (65... Qh4 66. Rg6+ Kf5 67. Nh6+ Kxg6
68. h8=Q Qg5+ 69. Kf1 f3 $13) 66. Rg6+ Kf5 67. Rg7 Ke6 68. Rg6+ Kf5 69. Nh6+
Kxg6 70. h8=Q Qxh6 71. Qe8+ Kf5 72. Qb5+ Kg4 73. Qe2+ Kf5 74. Qb5+ 1/2-1/2

[Event "World Chess Candidates 2018"]
[Site "Berlin"]
[Date "2018.03.18"]
[Round "7"]
[White "Grischuk, Alexander"]
[Black "Mamedyarov, Shakhriyar"]
[Result "1/2-1/2"]
[WhiteElo "2767"]
[BlackElo "2809"]
[PlyCount "31"]
[EventDate "2018.??.??"]
[EventType "tourn"]
[EventCountry "GER"]
[SourceTitle "playchess.com"]
[Source "ChessBase"]
[SourceQuality "1"]

1. d4 Nf6 2. c4 e6 3. Nf3 d5 4. Nc3 Bb4 5. Bg5 h6 6. Bh4 g5 7. Bg3 Ne4 8. Qc2
h5 9. h3 Nc6 $5 (9... c6 10. e3 Qa5 11. Nd2 Nxg3 12. fxg3 Qc7 13. O-O-O Qxg3
14. e4 Nd7 15. exd5 Bxc3 16. bxc3 cxd5 17. cxd5 exd5 18. Bb5 O-O 19. Rde1 Nf6
20. Re5 Be6 21. Rf1 Kg7 22. Rf3 Qxg2 23. Bf1 Qg1 24. Qd3 Ne4 25. Nxe4 dxe4 26.
Qxe4 Rac8 27. Kd2 Rc6 28. h4 f5 29. Qe1 Qh2+ 30. Re2 Qd6 31. hxg5 Qa3 32. Qh4
Bc4 33. d5 Bxe2 34. Qd4+ Kg6 35. Bxe2 Qb2+ 36. Ke1 Re8 37. Qd3 Rxe2+ 38. Qxe2
Qxe2+ 39. Kxe2 Rd6 40. Rd3 Kxg5 41. Kf3 h4 42. c4 b6 43. a4 f4 44. Rd1 h3 45.
a5 Kf5 46. axb6 axb6 47. Rd4 h2 48. Kg2 Rh6 49. Kh1 f3 50. Rd1 Ke5 51. Rd2 Kf4
52. d6 Kg3 53. d7 Re6 54. Rd1 f2 55. Rd3+ Kf4 56. Rd4+ Ke3 57. Rd1 Rd6 {
0-1 (57) Matlakov,M (2691)-Yu Yangyi (2737) Moscow RUS 2016}) (9... Bxc3+ 10.
bxc3 Nxg3 11. fxg3 Nc6 12. e4 dxe4 13. Qxe4 Qd6 14. Kf2 Bd7 15. c5 Qe7 16. Rb1
O-O-O 17. Ne5 f5 18. Qf3 g4 19. Ba6 gxf3 20. Bxb7+ Kb8 21. Bxc6+ Kc8 22. Bb7+
Kb8 23. Bxf3+ Kc8 24. Bb7+ Kb8 25. Bc6+ Kc8 26. Rb2 {1-0 (26) Dubov,D (2644)
-Brkic,A (2584) Gjakova KOS 2016}) (9... Nxg3 10. fxg3 Bd6 11. O-O-O Bxg3 12.
e4 dxe4 13. Nxe4 Bf4+ 14. Kb1 h4 15. Be2 Nd7 16. Rhe1 f5 17. Nc3 Qf6 18. c5 Kf7
19. Bc4 Nf8 20. d5 c6 21. dxe6+ Bxe6 22. Bxe6+ Nxe6 23. Qb3 Rhe8 24. Qxb7+ Kg6
25. Qxc6 Rac8 26. Qb5 Nc7 27. Qc4 Rxe1 28. Rxe1 Qf7 29. Nxh4+ Kg7 30. Re7 Qxe7
31. Nxf5+ Kf6 32. Nxe7 Kxe7 33. Qe4+ {1-0 (33) Hole,O (2400)-Forsaa,E (2264)
Hamar 2007}) 10. e3 Bxc3+ 11. bxc3 Nxg3 12. fxg3 Qd6 13. Qf2 Qa3 14. Qc2 Qd6
15. Qf2 Qa3 16. Qc2 1/2-1/2

[Event "World Chess Candidates 2018"]
[Site "Berlin"]
[Date "2018.03.18"]
[Round "7"]
[White "Karjakin, Sergey"]
[Black "So, Wesley"]
[Result "1-0"]
[WhiteElo "2763"]
[BlackElo "2799"]
[PlyCount "80"]
[EventDate "2018.??.??"]
[EventType "tourn"]
[EventCountry "GER"]
[SourceTitle "playchess.com"]
[Source "ChessBase"]
[SourceQuality "1"]

1. d4 Nf6 2. c4 e6 3. Nc3 Bb4 4. e3 O-O 5. Nf3 d5 6. Bd2 c5 7. a3 cxd4 8. axb4
dxc3 9. Bxc3 dxc4 10. Bxc4 Qxd1+ 11. Kxd1 (11. Rxd1 Bd7 12. Ne5 Rc8 13. Be2 Ba4
14. Ra1 Be8 15. Nc4 Nbd7 16. Nd6 Rcb8 17. Bf3 Nd5 18. Bxd5 exd5 19. Nf5 f6 20.
Ne7+ Kf8 21. Nxd5 Rc8 22. O-O Nb6 23. Nf4 Kf7 24. Bd4 Bc6 25. Rfc1 h6 26. f3
Nd5 27. b5 Nxf4 28. bxc6 Ne6 29. cxb7 Rxc1+ 30. Rxc1 Rb8 31. Rc8 Rxb7 32. Bc3
Nc7 33. Kf2 Nb5 34. Ba5 Ke6 35. b4 Nd6 36. Rc5 f5 37. h4 g6 38. Ke2 Rg7 39. Kd3
Rd7 40. Rc7 g5 41. Rxd7 Kxd7 42. hxg5 hxg5 43. Kd4 Ke6 44. Kc5 g4 45. Bc7 gxf3
46. gxf3 Nc8 47. b5 Kd7 48. Bb8 Nb6 49. Bxa7 Na4+ 50. Kd4 Kc7 51. Ke5 Nc3 52.
b6+ Kc6 53. Kxf5 Nd5 54. e4 Ne3+ 55. Ke5 Nc4+ 56. Kd4 Nd6 57. f4 {1-0 (57)
Sandipan,C (2569)-Visakh,N (2389) Kolkata 2015}) 11... Bd7 12. Ke2 Rc8 13. Bd3
Nd5 14. Ne5 Be8 15. Bd2 f6 16. Nc4 Rd8 17. Rhc1 Nc6 18. Be4 Ndxb4 19. Bxb4 Nxb4
20. Bxb7 Rab8 21. Rxa7 Rd7 22. Na5 Nd3 23. Rd1 Nxb2 24. Rxd7 Bxd7 25. Bc6 Bxc6
26. Nxc6 Re8 27. e4 Nc4 28. Kd3 Nd6 29. f4 Kf8 30. e5 fxe5 31. fxe5 Nf5 32. g4
Nh4 33. Kc4 Nf3 34. Ra2 Rc8 35. Kb5 Ke8 36. Kb6 g5 37. h3 Nxe5 38. Nxe5 Rc3 39.
Rh2 Ke7 40. Kb5 Re3 1-0

[Event "World Chess Candidates 2018"]
[Site "Berlin"]
[Date "2018.03.19"]
[Round "8"]
[White "Mamedyarov, Shakhriyar"]
[Black "Karjakin, Sergey"]
[Result "1/2-1/2"]
[WhiteElo "2809"]
[BlackElo "2763"]
[PlyCount "60"]
[EventDate "2018.??.??"]
[EventType "tourn"]
[EventCountry "GER"]
[SourceTitle "playchess.com"]
[Source "ChessBase"]
[SourceQuality "1"]

1. d4 Nf6 2. c4 e6 3. Nf3 d5 4. g3 Be7 5. Bg2 O-O 6. O-O dxc4 7. Qc2 c6 8. a4
b6 9. Nbd2 Bb7 10. Nxc4 c5 (10... Nbd7 11. Rd1 Rc8 12. Nfe5 Nd5 13. Qb3 Ba6 14.
e4 N5f6 15. Bg5 h6 16. Bxf6 Nxf6 17. Rac1 Qc7 18. Nxf7 Bxc4 19. Nxh6+ gxh6 20.
Qxc4 Qd7 21. Bh3 Kf7 22. Qe2 Kg7 23. d5 cxd5 24. Rxc8 Rxc8 25. exd5 Qxa4 26.
Re1 Rc2 27. Qxe6 Bc5 28. Kh1 Rxf2 29. Bf5 Qc4 {0-1 (29) Poulopoulos,I (2212)
-Erenberg,A (2359) Pardubice CZE 2016}) 11. Rd1 Nbd7 12. b3 Rc8 13. dxc5 Bxc5
14. Nfe5 Bxg2 15. Kxg2 Qc7 16. Nxd7 Nxd7 17. Qe4 Nf6 18. Qf3 Qc6 19. Qxc6 Rxc6
20. f3 Rfc8 21. e4 Kf8 22. Bf4 Be7 23. Rd3 Rd8 24. Rxd8+ Bxd8 25. Rd1 Be7 26.
Ne5 Rc2+ 27. Rd2 Rc3 28. Rd3 Rc2+ 29. Rd2 Rc3 30. Rd3 Rc2+ 1/2-1/2